000 00693nam a2200289Ia 4500
005 20260324132858.0
008 008 260324s9999 xx 000 0 eng d
020 _a9780429233647
037 _aEBOOK
040 _aCRL
040 _beng
040 _cCRL
041 _2eng
041 _aeng
084 _qCRL
100 _aEarl F Ziemke
_91190964
245 4 _aThe Red Army, 1918-1941
245 0 _bFrom Vanguard of World Revolution to America's Ally
260 _bTaylor and Francis
260 _c2004
365 _a
365 _b230
856 _uhttp://www.taylorfrancis.com/books/9780429233647
942 _cEBOOK
999 _c1789469
_d1789469